| 000 | 01214 a2200229 4500 | ||
|---|---|---|---|
| 001 | 43915 | ||
| 005 | 20260407155720.0 | ||
| 008 | 260407a2012 arg spa d | ||
| 003 | AR-UNSa-BCEJYS | ||
| 040 |
_aAR-UNSa-BCEJYS _bspa _cAR-UNSa-BCEJYS |
||
| 080 |
_a371.27 _xExámenes. Calificaciones. Títulos. Diplomas. Evaluación |
||
| 245 | 1 | 0 |
_a¿Que hay de nuevo en evaluación educativa? _pPolíticas y prácticas en la evaluación de docentes y alumnos ; propuestas y experiencias de autoevaluación |
| 020 | _a978-987-538-339-5 | ||
| 264 | 1 |
_aBuenos Aires : _bNoveduc _c2012 |
|
| 300 |
_a189 p. _c23 cm. |
||
| 505 | _a1. La evaluación y la calidad educativa - 2. Evaluación del desempeño profesional docente - 3. La autoevaluación institucional. Democratizar la gestión escolar para mejorar la calidad - 4. Desarrollo de una experiencia de autoevaluación - 5. La evaluación del desempeño de los estudiantes - 6. La evaluación. Un instrumento, un proceso y una práctica política | ||
| 041 | _aspa | ||
| 942 | _cBK | ||
| 590 | _aniveau_biblio:m niveau_hierar:0 | ||
| 100 | 1 | _aSverdlick, Ingrid | |
| 856 | 4 | 1 |
_uhttps://biblioeco.unsa.edu.ar/pmb/images/libros/L126858.jpg _yImagen de portada _qimage/jpeg |
| 999 |
_c3761 _d3761 |
||